[Event "Open"]
[Site "Livigno ITA"]
[Date "2010.09.10"]
[Round "1"]
[White "Arnetta,MariaT"]
[Black "Vyskocil,N"]
[Result "0-1"]
[WhiteElo "2111"]
[BlackElo "2376"]

1.e4 c5 2.c3 Nf6 3.e5 Nd5 4.d4 cxd4 5.Nf3 e6 6.cxd4 b6 7.Bc4 Ba6 8.b3 Qc8
9.Nbd2 b5 10.Bxd5 exd5 11.O-O Nc6 12.Bb2 Nb4 13.Rc1 Qd8 14.Ba3 Qa5 15.Nb1 Nxa2
16.Bxf8 Nxc1 17.b4 Qa4 18.Qxc1 Rxf8 19.Nc3 Qxb4 20.Nxd5 Qc4 21.Nc7+ Kd8 22.Nxa6 Qxc1
23.Rxc1 Ke7 24.d5 Rfc8 25.d6+ Ke6 26.Nc7+ Kf5 27.h3 Rab8 28.g4+ Kg6 29.Ra1 f6
30.Rxa7 b4 31.Ra1 b3 32.Rb1 b2 33.Kg2 Rb6 34.Nd5 Rc1 35.Nd2 Rb5 36.Nf4+ Kf7
37.Ne2 Rxb1 38.Nxb1 fxe5 39.Nec3 Rb3 40.Kf3 Ke6 41.Ke2 Kxd6 42.Kd2 Kc5 43.Kc2 Rb4
44.Nd1 Rb6 45.Nxb2 Rh6 46.Nc3 Rxh3 47.Ncd1 e4 48.Na4+ Kd4 49.Nac3 Rf3 50.Kd2 Ke5
51.Ne2 d5 52.Ng1 Rf4 53.f3 d4 54.fxe4 Rxg4 55.Ne2 Rxe4 56.Nf2 Rh4 57.Nd3+ Kd5
58.Ndf4+ Kc4 59.Nd3 Re4 60.Nb2+ Kd5 61.Nd3 g5 62.Nb4+ Kc4 63.Nd3 h5 64.Nf2 Re3
65.Nc1 g4 66.Nd1 Rf3 67.Nb2+ Kd5 68.Nbd3 h4 69.Ke2 h3 70.Nf2 h2 71.Nh1 Ke4
72.Ke1 g3 73.Nd3 Kxd3  0-1

[Event "11th WUCC Women"]
[Site "Zuerich SUI"]
[Date "2010.09.10"]
[Round "7"]
[White "Melekhina,A"]
[Black "Sukandar,I"]
[Result "0-1"]
[WhiteElo "2273"]
[BlackElo "2372"]

1.e4 c5 2.c3 Nf6 3.e5 Nd5 4.Nf3 e6 5.d4 cxd4 6.cxd4 d6 7.Bc4 Qc7 8.Bb3 Nc6
9.O-O Be7 10.Qe2 O-O 11.Qe4 Bd7 12.Na3 Ncb4 13.Bg5 Bc6 14.Rac1 Qd8 15.Bxe7 Qxe7
16.Nc4 Nb6 17.exd6 Qf6 18.Qe5 Qg6 19.Qg3 Qxg3 20.fxg3 Nxc4 21.Rxc4 Na6 22.Rxc6 bxc6
23.Ne5 Nb4 24.a3 Nd5 25.Nxc6 Nf6 26.g4 Ne4 27.d5 e5 28.Rc1 Nxd6 29.Nxe5 Rab8
30.Rc3 Ne4 31.Re3 Nc5 32.Bc4 Rxb2 33.d6 Rb1+ 34.Kf2 Rd1 35.Kg3 Rd4 36.Kh3 g6
37.Rf3 Kg7 38.Ba2 Rxd6 39.Nxf7 Rd3 40.Ng5 Rfxf3+ 41.Nxf3 Rxa3 42.Bd5 Rd3
43.Bc4 Rc3 44.Bd5 a5 45.Kh4 a4 46.g5 a3 47.h3 Rc2 48.Nd4 Rd2 49.Ne6+ Nxe6
50.Bxe6 h6 51.gxh6+ Kxh6 52.g4 g5+ 53.Kg3 a2  0-1

[Event "6th ch-EU"]
[Site "Arvier ITA"]
[Date "2010.09.12"]
[Round "9"]
[White "Barletta,M"]
[Black "Brunello,S"]
[Result "1/2-1/2"]
[WhiteElo "2211"]
[BlackElo "2497"]

1.e4 c5 2.c3 Nf6 3.e5 Nd5 4.d4 cxd4 5.cxd4 d6 6.Nf3 e6 7.Bc4 Be7 8.O-O O-O
9.exd6 Qxd6 10.Nc3 Nd7 11.Nxd5 exd5 12.Bd3 Rd8 13.Re1 Nf8 14.Qe2 Be6 15.Bd2 Qb6
16.Bf4 Rac8 17.a3 Bf6 18.Qd2 Bd7 19.Rac1 Ne6 20.Be5 Be7 21.Bb1 Rxc1 22.Rxc1 Re8
23.h3 f6 24.Bg3 Bd6 25.Bxd6 Qxd6 26.Re1 Nf4 27.Rxe8+ Bxe8 28.Qe3 Bd7 29.Ne1 Bb5
30.Nd3 Bxd3 31.Bxd3 g6 32.Be2 Kf7 33.Bf3 b6 34.h4 h5 35.g3 Ne6 36.Qb3 Nxd4
37.Qxd5+ Qxd5 38.Bxd5+ Kg7  1/2-1/2

[Event "e2e4 Open"]
[Site "Sunningdale ENG"]
[Date "2010.09.12"]
[Round "5"]
[White "Hoare,Amy"]
[Black "Pleasants,A"]
[Result "0-1"]
[WhiteElo "1920"]
[BlackElo "2085"]

1.e4 c5 2.c3 Nf6 3.e5 Nd5 4.d4 cxd4 5.Nf3 e6 6.cxd4 Nc6 7.Bc4 d6 8.O-O dxe5
9.dxe5 Be7 10.Qe2 O-O 11.Rd1 Qc7 12.Bd2 a6 13.Nc3 Nxc3 14.Bxc3 b5 15.Bb3 Bb7
16.Rac1 Rfd8 17.Bd2 Rd7 18.Bc2 Rad8 19.Qe4 g6 20.Qe3 Qb8 21.Bc3 Rxd1+ 22.Rxd1 Rxd1+
23.Bxd1 Qd8 24.Be2 Qd5 25.a3 Bc5 26.Qh6 Nd4 27.Bxd4 Bxd4 28.Qd2 Bb6 29.Qxd5 Bxd5
30.Kf1 Kf8 31.Ne1 Bd4 32.Nd3 Bc4 33.f4 Bxd3 34.Bxd3 Bxb2 35.a4 bxa4 36.Bxa6 a3
37.Bc4 Bc1 38.g3 g5 39.fxg5 Bxg5 40.Ke2 Bc1 41.Kd3 Bb2 42.Ke4 Ke7 43.g4 h6
44.h4 Bc1 45.Kf3 Kd7 46.Ba2 Kc6 47.Ke4 Kc5 48.Kd3 Kb4 49.Kc2 Bf4 50.Bb3 Bxe5
51.g5 hxg5 52.hxg5 Bf4 53.g6 fxg6 54.Bxe6 g5 55.Kb1 Kc3 56.Ka2 Bd6 57.Kb1 Kd2
58.Ka2 Ke3 59.Kb1 Kf4 60.Kc2 g4 61.Kd2 g3 62.Ke2 Ke5 63.Ba2 Kd4 64.Bf7 Kc3
65.Bd5 Kb2 66.Kf3 a2 67.Bxa2 Kxa2 68.Kg2 Kb2 69.Kf3 Kc2 70.Ke2 Bc7 71.Ke3 Kd1
72.Kf3 Ke1 73.Kg2 Ke2 74.Kh1 Kf3 75.Kg1 Bb6+ 76.Kh1 g2+  0-1

[Event "Open"]
[Site "Livigno ITA"]
[Date "2010.09.18"]
[Round "9"]
[White "Umanec,F"]
[Black "Vyskocil,N"]
[Result "1/2-1/2"]
[WhiteElo "2206"]
[BlackElo "2376"]

1.e4 c5 2.c3 Nf6 3.e5 Nd5 4.Nf3 e6 5.d4 cxd4 6.cxd4 b6 7.Bd3 Ba6 8.O-O Be7
9.Nc3 Nxc3 10.bxc3 O-O 11.Bf4 Bxd3 12.Qxd3 Nc6 13.Rfd1 Qc7 14.Rac1 Rfd8 15.Ng5 Bxg5
16.Bxg5 Re8 17.Qg3 Ne7 18.Bxe7 Rxe7 19.Rd3 Rf8 20.Qh4 d6 21.Rg3 g6 22.Re1 dxe5
23.dxe5 Rd7 24.Rh3 h5 25.g4 Qd8 26.gxh5 Rd1 27.Rxd1 Qxd1+ 28.Kg2 Qxh5 29.Qf4  1/2-1/2

[Event "EYCC Boys U14"]
[Site "Batumi GEO"]
[Date "2010.09.20"]
[Round "1"]
[White "Bortnik,A"]
[Black "Benidze,G"]
[Result "1-0"]
[WhiteElo "2302"]
[BlackElo "1918"]

1.e4 c5 2.c3 Nf6 3.e5 Nd5 4.d4 cxd4 5.Nf3 e6 6.cxd4 d6 7.Bc4 Nb6 8.Bb3 dxe5
9.Nxe5 Be7 10.O-O O-O 11.Nc3 Nc6 12.Be3 Nxe5 13.dxe5 Qxd1 14.Rfxd1 Nd7 15.Nb5 Nc5
16.Bc2 a5 17.Nd6 b6 18.a3 Rd8 19.b4 axb4 20.axb4 Rxa1 21.Rxa1 Bxd6 22.exd6 Nb7
23.Ra8 b5 24.Bb6 Rf8 25.Be4 f5 26.Bxb7  1-0

[Event "EYCC Girls U14"]
[Site "Batumi GEO"]
[Date "2010.09.20"]
[Round "1"]
[White "Bezkorovaina,M"]
[Black "Gueci,Laura"]
[Result "1-0"]
[WhiteElo "1957"]
[BlackElo "1749"]

1.e4 c5 2.c3 Nf6 3.e5 Nd5 4.d4 cxd4 5.Nf3 e6 6.Qxd4 Nc6 7.Qe4 d6 8.Bb5 Bd7
9.c4 Nc7 10.O-O d5 11.Qg4 Nxb5 12.cxb5 Ne7 13.Nc3 Ng6 14.Be3 Be7 15.Qg3 O-O
16.Bd4 Bb4 17.a4 b6 18.h4 Ne7 19.Qg4 Nf5 20.Bxb6 Qe7 21.Bd4 Rfc8 22.Rac1 Nxd4
23.Qxd4 Rc4 24.Qd3 Bxc3 25.b3 Rc7 26.Rxc3 Rxc3 27.Qxc3 Rc8 28.Qe3 Rc7 29.Rc1 Rb7
30.Qc5 Qxc5 31.Rxc5 Kf8 32.Nd4 f6 33.f4 fxe5 34.fxe5 Ke8 35.Kf2 Kd8 36.Nc6+ Ke8
37.Ke3 Rc7 38.b4 a6 39.Nd4 Rxc5 40.bxc5 axb5 41.axb5 Bxb5 42.Nxb5 Kd7 43.Nd4 g6
44.g4 h6 45.Kd3  1-0

[Event "EYCC Girls U12"]
[Site "Batumi GEO"]
[Date "2010.09.20"]
[Round "1"]
[White "Beinenson,Katsiaryna"]
[Black "Mzhavia,M"]
[Result "1-0"]
[WhiteElo "1921"]
[BlackElo "1471"]

1.e4 c5 2.c3 Nf6 3.e5 Nd5 4.d4 cxd4 5.cxd4 d6 6.Nf3 Nc6 7.Be2 Bf5 8.a3 e6
9.O-O Qc7 10.exd6 Bxd6 11.Nc3 O-O 12.Nxd5 exd5 13.Qb3 Be4 14.h3 Rad8 15.Be3 Na5
16.Qa2 Rc8 17.Nd2 Bf4 18.Nxe4 dxe4 19.Bg4 Rcd8 20.Rac1 Qd6 21.b4 Nc6 22.Rcd1 Bxe3
23.fxe3 Qg3 24.Rde1 Ne7 25.Re2 Nd5 26.Qb3 g6 27.Ree1 Kh8 28.Bd1 f5 29.Bc2 Rf6
30.Re2 Rc6 31.Qb2 Rc3 32.Rfe1 Rdc8 33.Bb3 Nxe3 34.d5 Nc4 35.Bxc4 Rxc4 36.Re3 Qe5
37.Rd1 Rd4 38.Rxd4 Rxe3 39.Qd2 Re1+ 40.Qxe1 Qxd4+ 41.Kh1 Kg7 42.Qh4 Qxd5
43.Qe7+ Qf7 44.Qe5+ Kh6 45.Qf4+ g5 46.Qd6+ Kh5 47.Qd1+ g4 48.hxg4+ fxg4 49.Qd6 Qf1+
50.Kh2 Qf5 51.Qb8 Qe6 52.Qxb7 Qe5+ 53.Kg1 Qa1+ 54.Kh2 Qe5+ 55.Kg1 g3 56.Qxh7+ Kg5
57.Qg8+ Kh6 58.Qf8+ Kg6 59.Qg8+ Kf5 60.Qf7+ Kg4 61.Qg6+ Kf4 62.Qf7+ Kg5 63.Qg8+ Kf6
64.Qf8+ Ke6 65.Qc8+ Kd6 66.Qd8+ Kc6 67.Qc8+ Kb5 68.Qd7+ Kc4 69.Qf7+ Qd5 70.Qc7+ Kb3
71.Qxg3+ Ka4 72.Qe3 Qd1+ 73.Kf2 Qc2+ 74.Qe2 Qc6 75.Qe3 Qf6+ 76.Kg3 Qe5+ 77.Kg4 Qg7+
78.Kf4 Qxg2 79.Qxa7+ Kb3 80.Qe3+ Ka4 81.Qxe4 Qf2+ 82.Ke5 Qb2+ 83.Kd5 Kxa3
84.Kc5 Qc1+ 85.Kb5 Qf1+ 86.Ka5 Qf7 87.Qe3+ Kb2 88.b5 Qb7 89.Qe2+ Kc3 90.Qe5+ Kc4
91.Qe6+ Kc5 92.Qe5+ Kc4 93.Qe6+ Kc5 94.Qa6 Qc7+ 95.b6 Qd8 96.Qb5+ Kd4 97.Qc6 Qg5+
98.Ka6 Qg1 99.b7 Qa1+ 100.Kb6 Qb1+ 101.Kc7 Qh7+ 102.Qd7+  1-0

[Event "EYCC Girls U18"]
[Site "Batumi GEO"]
[Date "2010.09.21"]
[Round "2"]
[White "Korniyuk,M"]
[Black "Ugulava,L"]
[Result "1/2-1/2"]
[WhiteElo "2126"]
[BlackElo "1960"]

1.e4 c5 2.c3 Nf6 3.e5 Nd5 4.d4 cxd4 5.Nf3 Nc6 6.cxd4 d6 7.a3 Nb6 8.exd6 Qxd6
9.Be3 g6 10.Nc3 Bg7 11.Be2 O-O 12.Nb5 Qd8 13.Qd2 a6 14.Nc3 Na5 15.Rd1 Bf5
16.Bd3 Bg4 17.Be2 Nbc4 18.Qc2 Nxe3 19.fxe3 Bh6 20.Ne5 Be6 21.d5 Bc8 22.Qd3 Qc7
23.Nf3 b5 24.Nd2 Qb6 25.b4 Nc4 26.Nxc4 bxc4 27.Qxc4 Bxe3 28.Na4 Qf6 29.Bf3 Bd7
30.Nc5 Bb5 31.Qb3 Qe5 32.Ne4 Bb6 33.Qc3 Qf4 34.Nc5 Rac8 35.g3 Qd6 36.Rc1 Rfe8
37.Kf2 e6 38.Rhd1 e5 39.Kg2 f5 40.Kh1 e4 41.Bg2 Rc7 42.Qb3 Rec8 43.a4 Bd7
44.Bf1 Bxc5 45.bxc5 Rxc5 46.Rxc5 Rxc5 47.Qa3 Qb6 48.Bxa6 Rc2  1/2-1/2

[Event "EYCC Boys U16"]
[Site "Batumi GEO"]
[Date "2010.09.21"]
[Round "2"]
[White "Siclovan,C"]
[Black "Rindlisbacher,J"]
[Result "1-0"]
[WhiteElo "2112"]
[BlackElo "2164"]

1.e4 c5 2.c3 Nf6 3.e5 Nd5 4.d4 cxd4 5.cxd4 Nc6 6.Nc3 Nxc3 7.bxc3 d6 8.f4 dxe5
9.fxe5 Bf5 10.Nf3 e6 11.Bd3 Bxd3 12.Qxd3 Be7 13.Rb1 b6 14.O-O O-O 15.Bb2 Rc8
16.c4 Bg5 17.Bc3 Bh6 18.Rbd1 Ne7 19.Bb4 Re8 20.d5 Nf5 21.d6 Qd7 22.g4 Ne3
23.g5 Nxd1 24.Rxd1 Kh8 25.gxh6 gxh6 26.Be1 Rg8+ 27.Kh1 Rg4 28.Bh4 a6 29.Bf6+ Kg8
30.Rg1 Rg6 31.Nh4  1-0

[Event "EYCC Boys U18"]
[Site "Batumi GEO"]
[Date "2010.09.23"]
[Round "5"]
[White "Petrisor,A"]
[Black "Bakunc,R"]
[Result "1-0"]
[WhiteElo "2365"]
[BlackElo "2086"]

1.e4 c5 2.c3 Nf6 3.e5 Nd5 4.d4 cxd4 5.Nf3 Nc6 6.Bc4 Nb6 7.Bb3 d5 8.exd6 e6
9.cxd4 Bxd6 10.O-O O-O 11.Nc3 Nd5 12.Qe2 Be7 13.Rd1 Na5 14.Bc2 b6 15.Nxd5 exd5
16.Ne5 Be6 17.Bd2 Rc8 18.Bxa5 bxa5 19.Ba4 Bd6 20.g3 g6 21.h4 Kg7 22.Rac1 Qb6
23.Rxc8 Rxc8 24.h5 Qc7 25.Qe3 Qe7 26.h6+ Kg8 27.Re1 Qc7 28.Qf3 Bf8 29.Bd7 Bxh6
30.Bxc8 Qxc8 31.Qb3 Bg5 32.f4 Be7 33.Qc3 Qf8 34.a3 Qh6 35.Qf3 Qh3 36.Qg2 Qf5
37.Rc1 h5 38.Qc2 Qh3 39.Qg2 Qf5 40.Qf2 Kg7 41.Rc7 Bd8 42.Rc1 Bb6 43.Re1 a4
44.Nf3 Qg4 45.Nh2 Qf5 46.Qe3 Qh3 47.Qe5+ Kh7 48.Re3 a6 49.g4 Qh4 50.gxh5 gxh5
51.Kg2 Bd8 52.Rg3 Bf6 53.Qb8 Bg4 54.Nxg4 hxg4 55.Qc8 Bxd4 56.Qf5+ Kh8 57.Qxf7 Bxb2
58.Qf8+ Kh7 59.Qf5+ Kh6 60.Rxg4 Qf6 61.Qd3  1-0

[Event "39th Olympiad Women"]
[Site "Khanty-Mansiysk RUS"]
[Date "2010.09.23"]
[Round "3"]
[White "Levushkina,E"]
[Black "Savina,A"]
[Result "1/2-1/2"]
[WhiteElo "2346"]
[BlackElo "2404"]

1.e4 c5 2.c3 Nf6 3.e5 Nd5 4.Nf3 Nc6 5.Bc4 Nb6 6.Bb3 c4 7.Bc2 d6 8.exd6 Qxd6
9.O-O Bg4 10.Re1 O-O-O 11.b3 Qf6 12.Na3 Nd5 13.Qe2 Nf4 14.Qe4 e6 15.bxc4 Bxa3
16.Bxa3 Nh3+ 17.gxh3 Bxf3 18.Qe3 e5 19.Kf1 Rhe8 20.d3 Qf5 21.Reb1 e4 22.d4 Qxh3+
23.Ke1 Qxh2 24.d5 Re5 25.Kd2 Qh6 26.Qxh6 gxh6 27.Ke3 Ne7 28.Rg1 Ng6 29.Bc5 f5
30.Kd2 b6 31.Bd4 Ree8 32.Ba4 Rg8 33.Bb3 Nf4 34.c5 Rxg1 35.Rxg1 bxc5 36.Bxc5 Nxd5
37.Kc2 Nf4 38.Be3 Nd5 39.Bxa7 Bg4 40.Bd4 h5 41.a4 f4 42.a5 e3 43.Bxd5 Rxd5
44.fxe3 fxe3 45.Bxe3 Rxa5 46.Kd3 Kd7 47.Bd4 Ra2 48.Ke3 Ke6 49.Kf4 Kd5 50.Re1 Be2
51.Rg1 Bg4 52.Re1 Be2 53.Rg1 Kc4 54.Rg2 Kd3 55.Rg7 h6 56.Rg6 Bd1 57.Rxh6 Rg2
58.Bf6 Be2 59.Rh8 Kd2 60.Rd8+ Ke1 61.Bh4+ Kf1 62.Ke3 Bg4 63.Rd2 Rxd2 64.Kxd2 Kg2
65.Bd8  1/2-1/2

[Event "EYCC Girls U18"]
[Site "Batumi GEO"]
[Date "2010.09.24"]
[Round "6"]
[White "Sulamanidze,M"]
[Black "Messam Sparks,L"]
[Result "1-0"]
[WhiteElo "1831"]
[BlackElo "1928"]

1.e4 c5 2.c3 Nf6 3.e5 Nd5 4.d4 cxd4 5.Nf3 e6 6.cxd4 d6 7.a3 Nc6 8.Bd3 Bd7
9.O-O dxe5 10.dxe5 Be7 11.Re1 a6 12.Nbd2 h6 13.Ne4 Qc7 14.Ng3 Rc8 15.Bd2 Qb6
16.Qe2 Nd4 17.Nxd4 Qxd4 18.Rac1 Rxc1 19.Rxc1 Bc6 20.b4 Bg5 21.Bxg5 hxg5 22.Bxa6 Qh4
23.h3 Nf4 24.Qg4 Nxg2 25.Rxc6 bxc6 26.Kxg2 Qh7 27.Ne4 Qg6 28.Bd3 Ke7 29.Nc5 Qh6
30.a4 Kf8 31.b5  1-0

[Event "EYCC Girls U18"]
[Site "Batumi GEO"]
[Date "2010.09.24"]
[Round "6"]
[White "Mammadova,A"]
[Black "Anusca,M"]
[Result "1/2-1/2"]
[WhiteElo "1965"]
[BlackElo "2009"]

1.e4 c5 2.c3 Nf6 3.e5 Nd5 4.d4 cxd4 5.Nf3 Nc6 6.cxd4 d6 7.Bc4 dxe5 8.dxe5 Ndb4
9.Qxd8+ Nxd8 10.Na3 a6 11.Bd2 e6 12.O-O b5 13.Bb3 Ndc6 14.Bc3 Be7 15.Nc2 Bb7
16.a3 Nd3 17.Ne3 O-O 18.Rad1 Rfd8 19.Bc2 Nf4 20.Rfe1 Rxd1 21.Rxd1 Rd8  1/2-1/2

[Event "EYCC Boys U14"]
[Site "Batumi GEO"]
[Date "2010.09.24"]
[Round "6"]
[White "Delgado Vlaic,A"]
[Black "Lamard,G"]
[Result "1/2-1/2"]
[WhiteElo "1901"]
[BlackElo "2186"]

1.e4 c5 2.c3 Nf6 3.e5 Nd5 4.d4 e6 5.Nf3 cxd4 6.cxd4 d6 7.Bc4 Nb6 8.Bd3 dxe5
9.Nxe5 Nc6 10.Nxc6 bxc6 11.Be4 Nd5 12.Nc3 Qb6 13.O-O Bd6 14.Re1 O-O 15.Qa4 Rb8
16.Rb1 Qa6 17.Qc2 h6 18.a3 Qb6 19.Rd1 Ba6 20.b4 Qc7 21.h3 Nf6 22.Bf3 Rfe8
23.Na4 Bb5 24.Nc5 Bxc5 25.dxc5 a5 26.Rd6 axb4 27.Rxb4 Nd5 28.Rg4 f5 29.Rg6 Qf7
30.Bh5 Nf6 31.Qd1 Nxh5 32.Qxh5 Be2 33.f3 Rb1 34.Kf2 Rxc1 35.Kxe2 Rc2+ 36.Kf1 Rxc5
37.Qxh6 f4 38.Kg1  1/2-1/2

[Event "39th Olympiad Women"]
[Site "Khanty-Mansiysk RUS"]
[Date "2010.09.24"]
[Round "4"]
[White "Bojkovic,N"]
[Black "Hou Yifan"]
[Result "1/2-1/2"]
[WhiteElo "2368"]
[BlackElo "2578"]

1.e4 c5 2.c3 Nf6 3.e5 Nd5 4.d4 cxd4 5.Nf3 Nc6 6.cxd4 d6 7.Bc4 e6 8.O-O Be7
9.Qe2 O-O 10.Re1 Na5 11.Bxd5 exd5 12.Nc3 Be6 13.Bf4 a6 14.exd6 Bxd6 15.Bxd6 Qxd6
16.Ng5 Rae8 17.Qd3 g6 18.Nxe6 Rxe6 19.Rxe6 Qxe6 20.Qf3 Rd8 21.Rd1 h5 22.h3 Nc6
23.Qf4 Kg7 24.Qc7 Rd7 25.Qf4 Qf6 26.Qe3 Qf5 27.Qd2 Re7 28.Ne2 h4 29.Nc3 Re6
30.f3 Rd6 31.Qf2 Qf6 32.Na4 Rd7 33.Nc3 Rd8 34.Qd2 Rd6 35.Qf2 b5 36.a3 Qf4
37.Ne2 Qg5 38.Nc1 Re6 39.Nd3 Ne7 40.Nc5 Rd6 41.b4 Nf5 42.Qd2 Qe3+ 43.Qxe3 Nxe3
44.Rd3 Nc4 45.Kf2 g5 46.g3 hxg3+ 47.Kxg3 Rf6 48.a4 bxa4 49.Nxa4 Nd6 50.Nc3 Nf5+
51.Kg4 Kg6 52.Nxd5 Rd6 53.Nc7 Rc6 54.Nd5 Rd6 55.Nc7 Rc6 56.Nd5 Rc4 57.f4 Nxd4
58.fxg5 Ne6+ 59.Kg3 Kxg5 60.Ra3 Rd4 61.Ne3 f5 62.Ra5 Ng7 63.Kf3 Rf4+ 64.Ke2 Rxb4
65.Nxf5 Nxf5 66.Rxa6 Rb3 67.h4+ Kf4 68.h5 Rh3 69.h6 Ke4 70.Kd2 Kf4 71.Ra7 Rxh6
72.Kd3 Rd6+ 73.Kc4 Ke4 74.Rc7 Rd1 75.Kb3 Nd4+ 76.Kb2 Rd2+ 77.Kc1 Kd3 78.Rd7 Rh2
79.Rd8 Rc2+ 80.Kb1 Rc7 81.Kb2 Kc4 82.Rb8 Nb5 83.Kc2 Rd7 84.Rc8+ Kb4 85.Rb8 Rd6
86.Rb7 Kc4 87.Rb8 Nd4+ 88.Kb2 Nc6 89.Rc8 Kd3 90.Kb3 Ne5 91.Kb4 Kd4 92.Rh8 Rb6+
93.Ka3 Nc4+ 94.Ka4 Ne3 95.Ka5 Nd5 96.Rh5 Rb8 97.Ka4 Kc4 98.Rh4+ Kc5 99.Rh5 Rb1
100.Ka3 Rb8 101.Ka4 Rb1 102.Ka3 Rb8  1/2-1/2

[Event "39th Olympiad Men"]
[Site "Khanty-Mansiysk RUS"]
[Date "2010.09.24"]
[Round "4"]
[White "Godena,M"]
[Black "Nedev,Tr"]
[Result "1/2-1/2"]
[WhiteElo "2551"]
[BlackElo "2505"]

1.e4 c5 2.c3 Nf6 3.e5 Nd5 4.Bc4 Nb6 5.Be2 d6 6.exd6 Qxd6 7.Nf3 Nc6 8.Na3 e5
9.O-O Be7 10.d4 cxd4 11.Nb5 Qd8 12.cxd4 exd4 13.Nbxd4 Nxd4 14.Qxd4 O-O 15.Qe4 Bf6
16.Rd1 Qe7 17.Qxe7 Bxe7 18.Be3 Na4 19.Bd4 Be6 20.b3 Nb6 21.Bb2 Rfd8 22.Nd4 Bd5
23.Nf5 Bf8 24.Rac1 Be4 25.Ng3 Bc6 26.Nf5 Be4 27.Ng3 Bc6 28.Nf5  1/2-1/2

[Event "39th Olympiad Women"]
[Site "Khanty-Mansiysk RUS"]
[Date "2010.09.24"]
[Round "4"]
[White "Vazquez Maccarini,Danitza"]
[Black "Ferreira,Ana"]
[Result "0-1"]
[WhiteElo "1818"]
[BlackElo "1816"]

1.e4 c5 2.c3 Nf6 3.e5 Nd5 4.d4 e6 5.Nf3 Nc6 6.Bc4 Nb6 7.Bb5 Be7 8.Be3 cxd4
9.cxd4 Nd5 10.O-O O-O 11.Nc3 Nxe3 12.fxe3 a6 13.Bd3 d6 14.exd6 Bxd6 15.Ne4 Be7
16.a3 h6 17.Qc2 e5 18.dxe5 Qb6 19.Qe2 Bg4 20.Qf2 Bxf3 21.gxf3 Nxe5 22.Rad1 f5
23.Nc3 Bc5 24.Rfe1 f4 25.Nd5 fxe3 26.Qe2 Nxf3+ 27.Kh1 Qa7 28.Qc2 Nxe1 29.Bh7+ Kh8
30.Rxe1 Rf2 31.Qg6 Qb8 32.Qh5 Kxh7 33.Rg1 Qd6 34.Rg6 Qxh2+ 35.Qxh2 Rxh2+
36.Kxh2 Kxg6  0-1

[Event "39th Olympiad Women"]
[Site "Khanty-Mansiysk RUS"]
[Date "2010.09.24"]
[Round "4"]
[White "Mamedjarova,T"]
[Black "Kochetkova,J"]
[Result "1/2-1/2"]
[WhiteElo "2301"]
[BlackElo "2327"]

1.e4 c5 2.c3 Nf6 3.e5 Nd5 4.d4 cxd4 5.Qxd4 e6 6.Nf3 Nc6 7.Qe4 f5 8.Qe2 b5
9.g3 a5 10.Bg2 Be7 11.O-O O-O 12.Rd1 Ba6 13.Nbd2 Qc7 14.Nf1 Bc5 15.Re1 Nce7
16.Qc2 Rac8 17.a3 Qb6 18.Ne3 b4 19.axb4 axb4 20.Qb3 f4 21.Nd1 fxg3 22.hxg3 Bc4
23.Qc2 bxc3 24.bxc3 Bb3 25.Qb2 Bxd1 26.Rxd1 Nxc3 27.Qxb6 Bxb6 28.Rxd7 Nf5
29.Rb7 Nd5 30.Bd2 h6 31.Ra6 Nd4 32.Raxb6 Nxf3+ 33.Bxf3 Nxb6 34.Bg4 Rc6 35.Bb4 Rd8
36.Bd6 Rdxd6 37.exd6 Rxd6 38.Re7 Kf8 39.Rxe6 Rxe6 40.Bxe6  1/2-1/2

[Event "39th Olympiad Women"]
[Site "Khanty-Mansiysk RUS"]
[Date "2010.09.25"]
[Round "5"]
[White "Thorsteinsdottir,H"]
[Black "Lauterbach,I"]
[Result "1-0"]
[WhiteElo "1995"]
[BlackElo "2169"]

1.e4 c5 2.c3 Nf6 3.e5 Nd5 4.d4 cxd4 5.Nf3 e6 6.cxd4 b6 7.Nc3 Nxc3 8.bxc3 Qc7
9.Bb2 Bb7 10.Be2 d6 11.O-O Nd7 12.exd6 Bxd6 13.Qd3 Nf6 14.Rfe1 O-O 15.h3 Be4
16.Qb5 a6 17.Qb3 b5 18.a4 Bd5 19.Qc2 Bc4 20.Ba3 Bxa3 21.Rxa3 Bxe2 22.Qxe2 Nd5
23.Qd3 Qe7 24.Raa1 Rac8 25.axb5 Rxc3 26.Qe2 axb5 27.Qxb5 h6 28.Qxd5 Qb4 29.Qa5 Qc4
30.Qa6 Qc7 31.Qa5 Qc4 32.Qe5 Qc6 33.Rab1 Qc8 34.Qf4 Ra3 35.Ra1 Rb3 36.Reb1 Rxb1+
37.Rxb1 Qa6 38.Ne5 Qd6 39.Ng6 Qxf4 40.Nxf4 Rd8 41.Ne2 Rd5 42.Rc1 Rd7 43.Kh2 Kf8
44.Kg3 Ke7 45.Kf4 Kf6 46.Rc4 Ke7 47.Nc3 f6 48.Nb5 Kd8 49.Nc3 Ke7 50.Ne4 Kf7
51.Nc5 Rd5 52.Ra4 g5+ 53.Ke4 f5+ 54.Ke3 Rd6 55.Ra6 Rxa6 56.Nxa6 Ke7 57.Nc5 Kd6
58.f4 Kd5 59.Nd3 Kd6 60.Ne5 Kd5 61.Nf7 gxf4+ 62.Kxf4 h5 63.Ng5 Kd6 64.Nxe6 Kxe6
65.d5+ Kxd5  1-0

[Event "EYCC Boys U12"]
[Site "Batumi GEO"]
[Date "2010.09.26"]
[Round "7"]
[White "Ali Marandi,C"]
[Black "Kudelya,I"]
[Result "1-0"]
[WhiteElo "2180"]
[BlackElo "1971"]

1.e4 c5 2.c3 Nf6 3.e5 Nd5 4.d4 cxd4 5.Nf3 Nc6 6.cxd4 d6 7.Bc4 Nb6 8.Bb5 Bd7
9.Nc3 e6 10.O-O Nb4 11.Bg5 Be7 12.Ne4 Nc8 13.Nxd6+ Nxd6 14.Bxe7 Qxe7 15.exd6 Qxd6
16.Bxd7+ Qxd7 17.Ne5 Qd5 18.Qa4+ Nc6 19.Rac1 b5 20.Qa3 Nxd4 21.Rc7 Nf5 22.Nc6 Qd6
23.Qxd6 Nxd6 24.Rd1 Nf5 25.g4 Nh6 26.Re7+ Kf8 27.g5 Nf5 28.Rxa7 Rc8 29.Rc7 Ra8
30.Rdd7 f6 31.Rf7+ Ke8 32.gxf6 gxf6 33.Rxf6 Rg8+ 34.Kf1 Rg6 35.Rff7 h6 36.a3 Rg4
37.Rf6 Re4 38.Rff7 Rg4 39.f3 Rg5 40.Kf2 Rg6 41.Ne5 Rg5 42.Ng4 Rg6 43.Rh7 Kf8
44.Ne5 Rg8 45.Nd7+ Ke8 46.Nf6+ Kf8 47.Rhf7+  1-0

[Event "EYCC Girls U16"]
[Site "Batumi GEO"]
[Date "2010.09.26"]
[Round "7"]
[White "Trapaidze,L"]
[Black "Langnerova,K"]
[Result "0-1"]
[WhiteElo "1676"]
[BlackElo "1868"]

1.e4 c5 2.c3 Nf6 3.e5 Nd5 4.d4 cxd4 5.cxd4 Nc6 6.Nf3 d6 7.Bc4 Nb6 8.Bb5 Bd7
9.Nc3 e6 10.Bg5 Be7 11.Bxe7 Qxe7 12.O-O O-O 13.Qe2 a6 14.Bd3 Nb4 15.Bb1 Bc6
16.a3 N4d5 17.Rc1 Nf4 18.Qe3 Ng6 19.Ne4 dxe5 20.dxe5 Nd5 21.Qe1 Ndf4 22.Rd1 Rfd8
23.Bc2 Rd5 24.Qe3 Rad8 25.Bb3 Rd3 26.Rxd3 Rxd3 27.Nf6+ gxf6 28.exf6 Qxf6
29.Qb6 Bxf3 30.gxf3 Qg5+ 31.Kf1 Qg2+  0-1

[Event "EYCC Boys U16"]
[Site "Batumi GEO"]
[Date "2010.09.26"]
[Round "7"]
[White "Mammadov,Z"]
[Black "Givon,A"]
[Result "1-0"]
[WhiteElo "2427"]
[BlackElo "2220"]

1.e4 c5 2.c3 Nf6 3.e5 Nd5 4.Nf3 Nc6 5.d4 cxd4 6.cxd4 d6 7.Bc4 Nb6 8.Bb5 dxe5
9.Nxe5 Bd7 10.Nxd7 Qxd7 11.Nc3 e6 12.O-O Rd8 13.a4 Be7 14.a5 Nd5 15.a6 Nc7
16.Ba4 Nxa6 17.Qg4 Nab4 18.d5 Nxd5 19.Qxg7 Bf6 20.Qh6 Rg8 21.Ne4 Bg7 22.Qxh7 Kf8
23.Qh3 Rh8 24.Qa3+ Kg8 25.Qc5 Qc7 26.h3 Nd4 27.Qxc7 Nxc7 28.Bg5 Rd5 29.Bd1 a6
30.Ra3 Ncb5 31.Rg3 Kf8 32.Bd2 Nf5 33.Bb4+ Ke8 34.Rxg7 Nxg7 35.Nf6+ Kd8 36.Nxd5 exd5
37.Bf3 Ne6 38.Bxd5 Kc7 39.Re1 Rh6 40.Bd2 Rg6 41.h4  1-0

[Event "EYCC Girls U18"]
[Site "Batumi GEO"]
[Date "2010.09.27"]
[Round "8"]
[White "Korniyuk,M"]
[Black "Anusca,M"]
[Result "1/2-1/2"]
[WhiteElo "2126"]
[BlackElo "2009"]

1.e4 c5 2.c3 Nf6 3.e5 Nd5 4.d4 cxd4 5.Nf3 Nc6 6.Bc4 Nb6 7.Bb3 d5 8.exd6 Qxd6
9.O-O g6 10.cxd4 Bg7 11.Be3 O-O 12.h3 Rd8 13.Nc3 Be6 14.Re1 Bxb3 15.Qxb3 Qb4
16.Qxb4 Nxb4 17.Rad1 N6d5 18.Nxd5 Rxd5 19.a3 Nc6 20.Rd2 Rad8 21.g4 e6 22.Red1 h5
23.Kg2 a6 24.Kg3 hxg4 25.hxg4 e5 26.dxe5 Rxd2 27.Rxd2 Rxd2 28.Bxd2 Nxe5 29.b3 Nd3
30.Be3  1/2-1/2

[Event "EYCC Boys U18"]
[Site "Batumi GEO"]
[Date "2010.09.27"]
[Round "8"]
[White "Kolosowski,M"]
[Black "Bazeev,G"]
[Result "1-0"]
[WhiteElo "2342"]
[BlackElo "2348"]

1.e4 c5 2.c3 Nf6 3.e5 Nd5 4.d4 cxd4 5.Nf3 Nc6 6.cxd4 d6 7.Bc4 e6 8.O-O Be7
9.exd6 Qxd6 10.Nc3 Nxc3 11.bxc3 O-O 12.Qe2 b6 13.Rd1 Na5 14.Bd3 Bb7 15.Ne5 Qd5
16.Qg4 f5 17.Qg3 Rac8 18.Bf1 b5 19.Rb1 a6 20.a4 bxa4 21.c4 Qd8 22.c5 Nb3
23.Ba3 Be4 24.Bc4 Bd5 25.Bxa6 Rb8 26.Bf1 Qa5 27.Nd7 Rbd8 28.Nxf8 Rxf8 29.Qd3 Ra8
30.Qc2 Rd8 31.Bc4 Qc7 32.Bxd5 Rxd5 33.Qc4 Qc6 34.Bb2 h5 35.Bc3 h4 36.h3 Bd6
37.Re1 Bb8 38.Qe2 e5 39.dxe5 Qxc5 40.Rbd1 Rxd1 41.Rxd1 Qxc3 42.Rd8+  1-0

[Event "39th Olympiad Women"]
[Site "Khanty-Mansiysk RUS"]
[Date "2010.09.27"]
[Round "6"]
[White "Hallaeva,B"]
[Black "Dewi,A"]
[Result "1-0"]
[WhiteElo "2174"]
[BlackElo "1987"]

1.e4 c5 2.c3 Nf6 3.e5 Nd5 4.d4 cxd4 5.Nf3 e6 6.cxd4 d6 7.Nc3 Nxc3 8.bxc3 Qc7
9.Qc2 Nd7 10.exd6 Bxd6 11.Bd3 b6 12.Bd2 Bb7 13.Be4 Bxe4 14.Qxe4 O-O 15.O-O Rac8
16.Rfe1 Nf6 17.Qh4 Nd5 18.Ng5 h6 19.Ne4 Bf4 20.c4 Bxd2 21.Nxd2 Ne7 22.Qg4 Rfd8
23.Rac1 Qd6 24.Nf3 Qb4 25.Ne5 Qd6 26.Qh5 Rf8 27.Qg4 Nc6 28.Nf3 Rfd8 29.Red1 Qc7
30.d5 Ne5 31.Nxe5 Qxe5 32.Re1 Qf5 33.Qxf5 exf5 34.Kf1 Kf8 35.Ke2 Rc5 36.Kd3 Ra5
37.Rc2 b5 38.Re5 bxc4+ 39.Kd4 g6 40.Kxc4 Rc8+ 41.Kb3 Rxc2 42.Kxc2 Rxa2+ 43.Kd3 Ra5
44.Kc4 Ra4+ 45.Kb5 Rd4 46.Kc6 Rc4+ 47.Kd7 Rc5 48.Re8+ Kg7 49.d6 Rc2 50.Ke7 Re2+
51.Kd8 Rxf2 52.d7 Rxg2 53.Kc7 Rc2+ 54.Kd6 Rd2+ 55.Kc6 Rc2+ 56.Kb5 Rd2 57.d8=Q Rxd8
58.Rxd8 Kf6 59.Kc4 Kg5 60.Kd3 Kg4 61.Rf8 Kh3 62.Rxf7 Kxh2 63.Rf6 g5 64.Rxf5 Kg3
65.Ke2 Kg4 66.Ra5 h5 67.Kf2 h4 68.Kg2 h3+ 69.Kh2 Kh4 70.Rxa7 g4 71.Rh7+  1-0

[Event "39th Olympiad Women"]
[Site "Khanty-Mansiysk RUS"]
[Date "2010.09.27"]
[Round "6"]
[White "Vajda,S"]
[Black "Majdan,J"]
[Result "1-0"]
[WhiteElo "2342"]
[BlackElo "2333"]

1.e4 c5 2.c3 Nf6 3.e5 Nd5 4.Bc4 Nb6 5.Be2 Nc6 6.Nf3 d6 7.exd6 Qxd6 8.Na3 a6
9.O-O g6 10.d3 Bg7 11.Be3 Nd7 12.Nc4 Qc7 13.a4 O-O 14.a5 Rb8 15.d4 cxd4 16.Nxd4 Nxd4
17.Bxd4 Bxd4 18.Qxd4 Nf6 19.Qb6 Qf4 20.Rad1 Be6 21.Rd4 Qf5 22.Ne3 Qe5 23.Rfd1 Kg7
24.Bc4 Rfc8 25.Bxe6 Rc6 26.Qa7 Rxe6 27.Rc4 Rd6 28.Rxd6 Qxd6 29.Rd4 Qc7 30.Rc4 Qd6
31.Rb4 Rd8 32.Rxb7 Kf8 33.h3 Ne4 34.Nf1 Nd2 35.Nxd2 Qxd2 36.Qe3 Qd1+ 37.Kh2 Qd6+
38.g3 Qf6 39.Rb6 Qf5 40.Rxa6 Rd1 41.Qh6+ Ke8 42.Ra8+ Kd7 43.Ra7+ Kc8 44.Qf4 Qc5
45.Ra8+  1-0